Latinos, ingresos y rendimeinto académico en matemáticas : derrota de las probabilidades (Record no. 71791)

MARC details
000 -CABECERA
campo de control de longitud fija 00612nam a2200217 a 4500
005 - FECHA Y HORA DE LA ÚLTIMA TRANSACCIÓN
campo de control 20210219153235.0
008 - ELEMENTOS DE LONGITUD FIJA--INFORMACIÓN GENERAL
campo de control de longitud fija 991125n 000 0 spa u
035 ## - NÚMERO DE CONTROL DEL SISTEMA
Número de control de sistema UPN01000085272
100 ## - ASIENTO PRINCIPAL--NOMBRE PERSONAL
Nombre de persona ORTIZ-FRANCO, Luis
222 ## - TÍTULO CLAVE
Título clave EDUCACION MATEMATICA
245 ## - MENCIÓN DE TÍTULO
Título Latinos, ingresos y rendimeinto académico en matemáticas : derrota de las probabilidades
300 ## - DESCRIPCIÓN FÍSICA
Extensión 88-101
362 ## - FECHAS DE PUBLICACIÓN Y/O DESIGNACIÓN SECUENCIAL
Fecha de publicación y/o designación secuencial 1998 10 (2)
653 0# - TERMINO DE INDIZACION - NO CONTROLADO
Término no controlado ALUMNOS
653 0# - TERMINO DE INDIZACION - NO CONTROLADO
Término no controlado AMERICA LATINA
653 0# - TERMINO DE INDIZACION - NO CONTROLADO
Término no controlado ESTADOS UNIDOS DE AMERICA
653 0# - TERMINO DE INDIZACION - NO CONTROLADO
Término no controlado MATEMATICA
653 0# - TERMINO DE INDIZACION - NO CONTROLADO
Término no controlado RENDIMIENTO ACADEMICO
904 ## - ELEMENTOS DE DATOS D LOCAL, LDD (RLIN)
a AC
b 023083
905 ## - TIPO DE MATERIAL
Tipo de material Articulo

No items available.